000 00807nam a2200265Ia 4500
003 OSt
005 20221005060044.0
006 a|||||r|||| 00| 0
007 ta
008 221004b |||||||| |||| 00| 0 eng d
020 _a9780745329802
_c1219.76
024 _a19363
037 _b7504, 26/03/2015, Efficient Book Distributors
_cTextual
040 _aCRL
_cCRL
_beng
041 _2eng
_aeng
082 _aR3xN26:g, Q1
100 _aSchwan Anne
245 0 _aHow to read Foucault's discipline and punish
260 _aLondon
_bPluto Press UK
_c2011
300 _a186p.
_ccm.
650 _aPHILOSOPHY
700 _a Shapiro Stephen
942 _hR3xN26:g, Q1
_cTEXL
_2cc
999 _c966102
_d966102